000 00805cam a2200241 a 4500
001 000003654
005 20200929150522.0
008 760618s1978 ag 000 f spa
040 _aDO-SdBNP
_bspa
_cBNPHU
082 _a813.54
_bE66c
100 1 _aErdman, Paul E.,
_d1932-2007.
_911202
240 1 4 _aThe crash of'79.
_lEspañol
245 1 0 _aColapso /
_cPaul E. Erdman ; traducción, Alicia Steimberg.
250 _a5a. impresión
260 _aBuenos Aires, Argentina :
_bEmecé,
_c1978.
300 _a350 p. ;
_c19 cm.
490 1 _aGrandes Novelistas
490 1 _aLa novela actual en el mundo
650 4 _aNovela estadounidense
_9262
650 4 _aLiteratura estadounidense
_9263
700 1 _aSteimberg, Alicia
_etr.
_911203
830 0 _aGrandes Novelistas.
_pLa novela actual en el mundo.
_911204
999 _c3477
_d3477